000 00365nam a22001577a 4500
003 OSt
008 250916b |||||||| |||| 00| 0 eng d
020 _a9781400253715
082 _a658.8
_bMIB
100 _aMILLER,Donald
245 _aBuilding a Story Brand 2.0
250 _a-
260 _aNew Delhi
_bHarper Collins
_c2025
300 _a286
942 _2ddc
_cREF
999 _c13727
_d13727